[Event "Moscu Open 2010"]
[Site "Moscu RUS"]
[Date "2010.02.02"]
[Round "4.8"]
[White "Gochelashvili, David"]
[Black "Inarkiev, Ernesto"]
[Result "0-1"]
[WhiteElo "2463"]
[BlackElo "2649"]
[PlyCount "91"]
[EventDate "2010.01.30"]
[EventType "swiss"]
[EventRounds "9"]
[EventCountry "RUS"]
[Source "lmi"]
[SourceDate "2010.01.30"]

1. d4 Nf6 2. Bg5 e6 3. Nf3 h6 4. Bf4 g5 5. Bc1 b6 6. g3 Bb7 7. Bg2 d6 8. c4
Nbd7 9. O-O Bg7 10. Nc3 Ne4 11. Qd3 f5 12. Nd2 d5 13. g4 c6 14. gxf5 exf5 15.
cxd5 cxd5 16. Qb5 a6 17. Qb3 Ndf6 18. Ndxe4 fxe4 19. Bd2 Qd6 20. Rac1 Ng4 21.
f4 exf3 22. Rxf3 Bxd4+ 23. e3 Qxh2+ 24. Kf1 Rf8 25. Ne4 Rxf3+ 26. Bxf3 Qh3+ 27.
Ke2 Ne5 28. exd4 Qxf3+ 29. Qxf3 Nxf3 30. Nd6+ Kd7 31. Nxb7 Nxd4+ 32. Kd3 Ne6
33. Bb4 Rb8 34. Nd6 a5 35. Ba3 b5 36. b4 Kxd6 37. bxa5+ b4 38. Rb1 Nc5+ 39. Kd4
Na6 40. Rh1 Nc7 41. Rxh6+ Ne6+ 42. Rxe6+ Kxe6 43. Bc1 Rb5 44. Bxg5 Rxa5 45. Bd2
Ra4 46. Bc1 0-1

[Event "Moscu Open 2010"]
[Site "Moscu RUS"]
[Date "2010.02.04"]
[Round "6.18"]
[White "Sergienko, Sergey"]
[Black "Gasanov, Eldar"]
[Result "0-1"]
[WhiteElo "2400"]
[BlackElo "2530"]
[PlyCount "70"]
[EventDate "2010.01.30"]
[EventType "swiss"]
[EventRounds "9"]
[EventCountry "RUS"]
[Source "lmi"]
[SourceDate "2010.01.30"]

1. e4 c5 2. Nf3 e6 3. d3 Nc6 4. g3 d5 5. Qe2 Nge7 6. Bg2 g6 7. O-O Bg7 8. Re1
O-O 9. e5 Nf5 10. c3 h6 11. h4 f6 12. exf6 Qxf6 13. Bf4 Nxh4 14. Nxh4 g5 15.
Bd6 Rd8 16. Bxc5 gxh4 17. Nd2 b6 18. Ba3 e5 19. Qh5 hxg3 20. fxg3 Qf5 21. Qh4
Be6 22. Ne4 Qg6 23. Rf1 dxe4 24. Bxe4 Qe8 25. g4 Bd5 26. Bf5 Be6 27. Be4 Bd5
28. Bf5 Bf7 29. g5 h5 30. Qe4 Ne7 31. g6 Nxg6 32. Kh2 Nf4 33. Rg1 Rxd3 34. Rg5
Rd2+ 35. Kg1 Rad8 0-1

[Event "Moscu Open 2010"]
[Site "Moscu RUS"]
[Date "2010.02.05"]
[Round "7.10"]
[White "Chadaev, Nikolai"]
[Black "Motylev, Alexander"]
[Result "0-1"]
[WhiteElo "2569"]
[BlackElo "2697"]
[PlyCount "132"]
[EventDate "2010.01.30"]
[EventType "swiss"]
[EventRounds "9"]
[EventCountry "RUS"]
[Source "lmi"]
[SourceDate "2010.01.30"]

1. Nf3 d5 2. c4 d4 3. g3 Nc6 4. d3 e5 5. Bg2 Bb4+ 6. Bd2 a5 7. Na3 Be7 8. O-O
Nf6 9. Bg5 h6 10. Bxf6 Bxf6 11. Nc2 g6 12. a3 a4 13. Nb4 Nb8 14. Re1 O-O 15.
Qc1 Bg7 16. e3 Nd7 17. exd4 exd4 18. h4 c6 19. Qf4 Nc5 20. Rad1 Bf5 21. Kh2 Ne6
22. Qd2 Bg4 23. Re4 h5 24. Rf1 Ra5 25. Nc2 Ra8 26. Ree1 Qd6 27. Ng1 Nc5 28. f4
Bf5 29. Rf3 Rfe8 30. Bh3 Rxe1 31. Nxe1 Bg4 32. Bxg4 hxg4 33. Rf2 Nb3 34. Qd1
Re8 35. Nc2 f5 36. Re2 Re7 37. Kg2 Kf7 38. Qe1 Bf6 39. Kf1 Qc5 40. Na1 b5 41.
Nxb3 axb3 42. cxb5 Qxb5 43. Rxe7+ Bxe7 44. Qd1 c5 45. Ne2 Qb7 46. Ng1 Qb5 47.
Ne2 Qb7 48. Ng1 Qd5 49. Qe2 Bd6 50. a4 Bc7 51. h5 gxh5 52. Qh2 Kg6 53. Qe2 Kf7
54. Qh2 c4 55. Qxh5+ Ke7 56. Qh7+ Qf7 57. Qh8 Qd5 58. dxc4 Qe4 59. Qg7+ Kd8 60.
Qg8+ Kd7 61. Qf7+ Kc6 62. c5 Qd3+ 63. Ne2 Qf3+ 64. Ke1 Ba5+ 65. Nc3 Bxc3+ 66.
bxc3 Qxg3+ 0-1